Finale du Top 14 2023-24 : Toulouse - Bordeaux Bègles - Statistiques

Statistiques générales
  • Ce quiz a été pris 57 fois
  • Le résultat moyen est 32 sur 48
Statistiques - réponses
Equipe Joueur % Correct
Toulouse Antoine Dupont
98%
Toulouse Romain Ntamack
98%
Toulouse Thomas Ramos
98%
Bordeaux Bègles Maxime Lucu
93%
Bordeaux Bègles Matthieu Jalibert
91%
Toulouse Peato Mauvaka
91%
Toulouse Alexandre Roumat
89%
Toulouse Jack Willis
89%
Toulouse Julien Marchand
89%
Toulouse François Cros
87%
Toulouse Juan Cruz Mallía
87%
Bordeaux Bègles Louis Bielle-Biarrey
87%
Bordeaux Bègles Damian Penaud
85%
Bordeaux Bègles Yoram Moefana
85%
Bordeaux Bègles Maxime Lamothe
83%
Toulouse Thibaud Flament
83%
Toulouse Ugo Mola
83%
Toulouse Blair Kinghorn
80%
Bordeaux Bègles Jefferson Poirot
80%
Bordeaux Bègles Romain Buros
80%
Toulouse Santiago Chocobares
80%
Toulouse Rodrigue Neti
78%
Toulouse Dorian Aldegheri
76%
Bordeaux Bègles Nicolas Depoortère
74%
Toulouse Pita Ahki
74%
Bordeaux Bègles Yannick Bru
74%
Toulouse Ange Capuozzo
72%
Bordeaux Bègles Ben Tameifuna
72%
Bordeaux Bègles Cyril Cazeaux
67%
Toulouse Richie Arnold
63%
Toulouse Paul Graou
61%
Toulouse Paul Costes
59%
Toulouse Joshua Brennan
54%
Bordeaux Bègles Pierre Bochaton
52%
Bordeaux Bègles Tevita Tatafu
52%
Bordeaux Bègles Bastien Vergnes-Taillefer
50%
Toulouse Joel Merkler
50%
Bordeaux Bègles Adam Coleman
46%
Bordeaux Bègles Mahamadou Diaby
46%
Toulouse Clément Vergé
41%
Bordeaux Bègles Peter Samu
41%
Toulouse David Ainu'u
39%
Bordeaux Bègles Pablo Uberti
33%
Bordeaux Bègles Ugo Boniface
20%
Bordeaux Bègles Clément Maynadier
15%
Bordeaux Bègles Paul Abadie
15%
Bordeaux Bègles Toma'akino Taufa
15%
Bordeaux Bègles Kane Douglas
11%
Aucun quiz correspondant
Distribution des résultats
% des personnes avec chaque résultat
Percentile par nombre de réponses
Votre historique - résultats
Vous n’avez pas pris ce quiz